My life as an explorer: With 168 illustration from drawings by the author

Uloženo v:
Podrobná bibliografie
Hlavní autor: Hedin, Sven (Autor)
Médium: Kniha
Jazyk:angličtina
Vydáno: Londres Cassel and Company 1926
Vydání:1a. ed
Témata:
Tagy: Přidat tag
Žádné tagy, Buďte první, kdo vytvoří štítek k tomuto záznamu!

MARC

LEADER 00000nam a2200000 a 4500
001 UCJ4367
003 CL-VaPUC
008 070124e19260000UK |||||||||||||||||eng|d
082 0 4 |a 910.4  |b HED  |2 21 
100 0 |a Hedin, Sven  |e author  |9 507138 
245 1 0 |a My life as an explorer: With 168 illustration from drawings by the author 
250 |a 1a. ed 
300 |a 498 p 
942 |c BK 
945 |d 20070124 00:00:00  |a rinostro 
260 |a Londres  |b Cassel and Company  |c 1926 
500 |a Ilustraciones y mapas 
650 0 |a Viajes  |9 257115 
650 7 |a DIARIO  |2 CL-VaPUC  |9 441581 
650 0 |a Ilustraciones  |9 369481 
650 7 |a FAUNA  |2 CL-VaPUC  |9 349523 
650 0 |a Población  |9 257577 
650 0 |a Cultura  |9 269059 
650 0 |a Mapas  |9 260844 
650 0 |a Historia  |9 255047 
651 0 |a China   |9 257545 
651 0 |a Rusia   |9 256106 
651 7 |a TIBET  |2 CL-VaPUC  |9 324206 
651 7 |a PERSIA  |2 CL-VaPUC  |9 316501 
583 |a last modification  |c 20070124 00:00:00  |k Rodrigo Vera 
999 |c 320483  |d 320481 
952 |0 0  |1 0  |4 0  |6 910_400000000000000_HED_1926  |7 0  |8 X  |9 399012  |a FDOBUD  |b FDOBUD  |d 2019-11-22  |i 1017284  |o 910.4 HED 1926  |p 1017284  |r 2019-11-22  |w 2019-11-22  |y BK_X  |k BUD